<?xml version="1.0" encoding="UTF-8"?>
<collection xmlns="http://www.loc.gov/MARC21/slim">
 <record>
  <leader>02222nam a2200217Ia 4500</leader>
  <controlfield tag="001">CTU_171827</controlfield>
  <controlfield tag="008">210402s9999    xx            000 0 und d</controlfield>
  <datafield tag="082" ind1=" " ind2=" ">
   <subfield code="a">363.125</subfield>
  </datafield>
  <datafield tag="082" ind1=" " ind2=" ">
   <subfield code="b">W927</subfield>
  </datafield>
  <datafield tag="110" ind1=" " ind2=" ">
   <subfield code="a">The World Bank in Vietnam (WB)</subfield>
  </datafield>
  <datafield tag="245" ind1=" " ind2="4">
   <subfield code="a">The road safety project =</subfield>
  </datafield>
  <datafield tag="245" ind1=" " ind2="0">
   <subfield code="b">Dự án an toàn mạng lưới quốc lộ</subfield>
  </datafield>
  <datafield tag="245" ind1=" " ind2="4">
   <subfield code="c">The World Bank in Vietnam (WB)</subfield>
  </datafield>
  <datafield tag="260" ind1=" " ind2=" ">
   <subfield code="a">Ha Noi</subfield>
  </datafield>
  <datafield tag="260" ind1=" " ind2=" ">
   <subfield code="b">The World Bank in Vietnam (WB)</subfield>
  </datafield>
  <datafield tag="260" ind1=" " ind2=" ">
   <subfield code="c">2004</subfield>
  </datafield>
  <datafield tag="520" ind1=" " ind2=" ">
   <subfield code="a">The objective of the Road Safety Project for Vietnam is to reduce the rate of accidents, injury and death associated with road transport through physical improvement and institutional development to strengthen the management of road transport safety. The extension results from initial procurement delays of over two years in the recruitment of the lead consulting service responsible for overall implementation coordination. Over the last 18 months project implementation has closely followed an agreed detailed implementation schedule that acknowledged a target completion date of June 2012. However, the first credit closing date extension to June 2011 was approved on the basis that consideration of any further extension will be contingent on satisfactory progress in implementing the agreed schedule through June 2011. Apart from a minor slippage in one component, steady progress has been consistent with the agreed schedules and action plans over the last three years. The extension allows for the conclusion of several on-going training activities and, most significantly, completion of substantial packages critical to the full achievement of the project development objectives by ensuring sufficient time for: (i) the acquisition of goods and related user training for rollout of the National Road Accident Database System (NRADS); (ii) the supply and installation of traffic camera equipment for the pilot enforcement program and related monitoring and evaluation activities; and (iii) planned media awareness campaigns.</subfield>
  </datafield>
  <datafield tag="650" ind1=" " ind2=" ">
   <subfield code="a">Transportation,Giao thông vận tải</subfield>
  </datafield>
  <datafield tag="650" ind1=" " ind2=" ">
   <subfield code="z">Vietnam,Việt Nam</subfield>
  </datafield>
  <datafield tag="904" ind1=" " ind2=" ">
   <subfield code="i">Kiều Trang, Trọng Hiếu</subfield>
  </datafield>
  <datafield tag="980" ind1=" " ind2=" ">
   <subfield code="a">Trung tâm Học liệu Trường Đại học Cần Thơ</subfield>
  </datafield>
 </record>
</collection>
